Statistics for Biggest World Cities by UN Estimates

Click here to take the quiz!

General Stats

  • This quiz has been taken 104 times
  • The average score is 52 of 81

Answer Stats

PopulationCity% Correct
1218,819,000New York
96%
919,618,000Beijing
94%
137,400,068Tokyo
94%
379,046,000London
93%
2412,458,000Los Angeles
93%
621,581,000Mexico City
93%
228,514,000Delhi
92%
2512,410,000Moscow
92%
2013,293,000Rio de Janeiro
92%
2910,901,000Paris
91%
819,980,000Mumbai
88%
521,650,000São Paulo
88%
720,076,000Cairo
87%
398,864,000Chicago
87%
425,582,000Shanghai
87%
3110,517,000Jakarta
85%
1913,463,000Lagos
84%
1119,281,000Osaka
84%
3410,156,000Bangkok
83%
1614,751,000Istanbul
83%
325,674,800Seoul
82%
3010,574,000Bogotá
81%
1414,967,000Buenos Aires
81%
735,486,000Johannesburg
79%
388,896,000Tehran
79%
1019,578,000Dhaka
78%
1813,482,000Manila
78%
2312,638,000Guangzhou
76%
3310,391,000Lima
76%
1315,400,000Karachi
75%
745,383,000Saint Petersburg
75%
675,792,000 Singapore
74%
2213,171,000Kinshasa
72%
556,680,000Santiago
72%
636,082,000Toronto
72%
467,564,000Kuala Lumpur
71%
576,497,000Madrid
71%
656,036,000Miami
71%
487,429,000Hong Kong
70%
1714,681,000Kolkata
70%
428,176,000Wuhan
70%
546,812,000Baghdad
67%
438,145,000Ho Chi Minh City
67%
3210,456,000Chennai
65%
2711,738,000Lahore
64%
795,086,000Alexandria
63%
626,099,000Dallas
62%
616,115,000Houston
62%
725,494,000Barcelona
60%
536,907,000Riyadh
60%
2811,440,000Bangalore
58%
359,507,000Nagoya
58%
775,207,000Washington, D.C.
57%
369,482,000Hyderabad
56%
477,444,000Xi'an
56%
2113,215,000Tianjin
54%
715,534,000Khartoum
53%
646,048,000Dar es Salaam
52%
2611,908,000Shenzhen
52%
408,813,000Chengdu
51%
685,695,000Philadelphia
51%
1514,838,000Chongqing
49%
815,023,000Guadalajara
49%
447,774,000Luanda
49%
457,681,000Ahmedabad
46%
418,245,000Nanjing
46%
695,572,000Atlanta
43%
665,972,000Belo Horizonte
37%
596,276,000Pune
37%
606,115,000Harbin
36%
785,157,000Yangon
36%
507,236,000Hangzhou
34%
526,921,000Shenyang
33%
755,381,000Qingdao
30%
566,564,000Surat
30%
765,300,000Dalian
21%
705,551,000Fukuoka
21%
805,052,000Jinan
16%
497,360,000Dongguan
11%
586,339,000Suzhou
9%
517,236,000Foshan
7%

Score Distribution

Percentile by Number Answered

Percent of People with Each Score

Your Score History

You have not taken this quiz